Allies of Australia - Statistics

General Stats
  • This quiz has been taken 167 times
  • The average score is 12 of 14
Answer Stats
Hint Answer % Correct
Europe United Kingdom
97%
North America United States of America
97%
North America Canada
95%
Europe France
95%
Asia Japan
94%
Oceania New Zealand
94%
Europe Germany
93%
Europe Italy
86%
Asia South Korea
85%
Asia India
82%
Oceania Papua New Guinea
64%
Europe Portugal
64%
Europe Belgium
60%
Asia Saudi Arabia
47%
No matching quizzes found
Score Distribution
Percent of People with Each Score
Percentile by Number Answered
Your Score History
You have not taken this quiz